=LDR 00000nam 2200000 4500 =001 INLIS000000000038435 =005 20160525123209.0 =006 =007 =008 Ind =035 ##$$0010-061300000038435 =041 ##$$a Ind =082 ##$$a 591.040 3 =090 ##$$a 591.040 3, Wij b =100 ##$$a Wijaya, Dessy =245 ##$$a Buku pintar hewan langka, Dessy Wijaya =260 ##$$a 2011 $b Jogjakarta =300 ##$$a 158 hlm, Ilus, 28 cm =650 ##$$a Binatang Langka - Ensiklopedia =850 ##$$a NBPNMAT =990 ##$$a 0001/BPAP-NTB/2016 =990 ##$$a 00350035 =990 ##$$a 21105753 =990 ##$$a 0001/BPAP-NTB/2016 =990 ##$$a 01201900035 =990 ##$$a 01201900035 =990 ##$$a 21105753 =990 ##$$a 0001/BPAP-NTB/2016